Berlioz
Guardat en:
| Autor principal: | |
|---|---|
| Format: | Llibre |
| Idioma: | anglès |
| Publicat: |
Londres
J.M.Dent
1967
|
| Col·lecció: | The Master Musicians Series
|
| Matèries: | |
| Etiquetes: |
Afegir etiqueta
Sense etiquetes, Sigues el primer a etiquetar aquest registre!
|
MARC
| LEADER | 00000nam a2200000 a 4500 | ||
|---|---|---|---|
| 001 | UCN1215 | ||
| 003 | CL-VaPUC | ||
| 008 | 010420e19670000UK |||||||||||||||||eng|d | ||
| 082 | 0 | 4 | |a 780.92 |b ELL |2 21 |
| 100 | 0 | |a Elliot, J. H |e author |9 456669 | |
| 245 | 1 | 0 | |a Berlioz |
| 300 | |a 243 p | ||
| 942 | |c BK | ||
| 945 | |d 20010420 00:00:00 |a crobeson | ||
| 260 | |a Londres |b J.M.Dent |c 1967 | ||
| 600 | 0 | |a Berlioz, Hector Louis |9 306282 | |
| 650 | 0 | |a Compositores franceses |9 328980 | |
| 650 | 0 | |a Romanticismo en la música |9 306753 | |
| 650 | 7 | |a MUSICA SIGLO 19 |2 CL-VaPUC |9 456670 | |
| 583 | |a last modification |c 20010420 00:00:00 |k Rodrigo Vera | ||
| 490 | 0 | |a The Master Musicians Series | |
| 999 | |c 294790 |d 294788 | ||